000 00282nam a2200121Ia 4500
005 20251222141848.0
008 251222s9999||||xx |||||||||||||| ||spa||
082 _a291.092/J54
100 _aJiménez Duque, Baldomero
245 0 _aCartas a Juan José
264 _bs.e.
942 _cLIB
999 _c7627
_d7627